000 00586cam a2200217 i 4500
001 1792603
005 20180103032112.0
008 790416s1979 nyu b 010 0 eng
010 _a 78022519
020 _a0121188507
040 _aDLC
_cDLC
_dDLC
041 _aeng
080 _a330 BOS
082 0 0 _a330 BOS
100 _a52
101 _aEKO
245 0 0 _aEconomics and human welfare :
_cedited by Michael J. Boskin.
504 _aIncludes bibliographies.
906 _a7
_bcbc
_corignew
_d1
_eocip
_f19
_gy-gencatlg
942 _2ddc
_cBK
999 _c39585
_d39585